| 000 | 00824nam a2200253 i 4500 | ||
|---|---|---|---|
| 001 | 186955 | ||
| 003 | SpMaBN | ||
| 005 | 20250815140638.0 | ||
| 008 | 170308s1962 sp a |||| | spa d | ||
| 080 | _a75(54)(091) | ||
| 100 | 1 |
_aRawson, Philip. _9160163 |
|
| 245 | 1 | 3 |
_aLa pintura en la India / _cPhilip S. Rawson ; traducción de Elizabeth Mulder. |
| 260 |
_aBarcelona : _bGarriga, _c[1962] |
||
| 300 |
_a167 p., [4] p. de lám. : _bil. col. ; _c24 cm. |
||
| 490 | 1 |
_aColección "Pictura" ; _v14 |
|
| 500 | _aÍndice. | ||
| 504 | _aBibliografía: p. 162-164. | ||
| 599 | _aCon lám. col. adheridas. | ||
| 650 | 7 |
_aPintura india _2embne _9157147 |
|
| 700 | 1 |
_aMulder, Elisabeth. _984098 |
|
| 830 | 0 |
_aColección "Pictura" ; _v14 _9192706 |
|
| 852 |
_aES-MaACL _jL-31196 _z- enc. tela |
||
| 999 |
_c186955 _d186955 |
||